MEDOVANIE REPKY

Bibliographic Details
Main Author: Dušan, Janota (Author)
Format: Article
Language:Slovak

MARC

LEADER 00000nab a2200000ua 4500
001 vtls010794047
003 SK-MaSNL
005 20260303120311.0
008 230131s1960 xo |||||||||||||||||slo|
035 |a (urnnbn)urn:nbn:sk:snk:ar-a002qf 
035 |a (uuid)a8710efd-ed02-44cf-9f60-d256df40fda8 
035 |a urn:nbn:sk:snk-ab4zob 
040 |a SNKBUCL  |b slo  |c SNKBUCL  |e AACR2 
041 0 |a slo 
044 |a xo  |c SK 
100 1 |a Dušan, Janota  |4 aut  |9 1115422 
245 1 0 |a MEDOVANIE REPKY  |c Dušan Janota 
773 0 |t Včelár : odborný časopis Povereníctva poľnohospodárstva a lesného hospodárstva a Ústredia včelárskych združení na Slovensku  |g Roč. 34, č. 3 (1960), s. 66 
954 |a odborná, vedecká literatúra pôvodná (slovenská)  |2 lita 
958 |a OND 
958 |a EUIPO 
958 |a article3 
999 |c 1908725  |d 1910655